Historia de dos ciudades

Saved in:
書目詳細資料
主要作者: Dickens, Charles (autor)
格式: 圖書
語言:西班牙语
出版: Madrid, España: Vicens Vives, 2009
版:Primera edición
叢編:Colección Cucaña, 46
主題:
標簽: 添加標簽
沒有標簽, 成為第一個標記此記錄!

MARC

LEADER 00000cam a2200000 a 4500
001 UCE9493
003 CL-VaPUC
005 20220616110007.0
008 151022e19840000sp |||||||||||||||||spa|d
999 |c 435594  |d 435592 
020 |a 978-84-316-9069-4 
040 |c Pontificia Universidad Católica de Valparaíso 
082 0 4 |a 820 DIC 2009  |2 21 
100 0 |a Dickens, Charles  |e autor  |9 319540 
245 1 0 |a Historia de dos ciudades 
250 |a Primera edición 
260 |a Madrid, España:  |b Vicens Vives,  |c 2009 
300 |a 183 páginas 
490 0 |a Colección Cucaña, 46 
500 |a c1. Donación Biblioteca Curauma. Recibido en GC 19/4/22 
583 |a last modification  |c 20151022 17:18:00  |k Catalogador Asistente 
650 0 |a Novelas inglesas  |9 265220 
650 0 |a Literatura inglesa  |9 312907 
942 |c BK  |2 ddc 
945 |d 20151022 17:18:00  |a arojas 
952 |0 0  |1 0  |2 ddc  |4 0  |6 820_000000000000000_DIC_2009  |7 0  |8 A  |9 583027  |a BIBCUR  |b BIBCUR  |c GEN  |d 2022-05-12  |e Donación  |i 5651181  |l 2  |m 2  |o 820 DIC 2009  |p 5651181  |r 2025-04-22  |s 2022-11-23  |t 1  |w 2022-05-12  |y BK  |k CAC